000 01532naa a22003617a 4500
001 BR8708346
003 BR-BrBNA
005 20250721154542.0
007 ta
008 250630b bl.|||m| |||| 00| 0 por d
040 _aBR-BrBNA
_bpor
_cBiblioteca Nacional de Agricultura
041 _a(Pt)
072 _aF30
_b0170
090 _aF30 BR8708346
100 1 _aAraujo, M.R.A. de
100 1 _aLira, M. de A.
100 1 _aLeiming, G.M. de A.
100 1 _aTabosa, J.N.
100 1 _aFreitas, E.V. de
111 1 _a15. Congresso Nacional de Milho e Sorgo
_cMaceio, AL (Brazil)
_d2 Jul 1986
245 1 _aSelecao de progenies de sorgo forrageiro visando estabilidade de producao. Resultados preliminares
246 1 _aSelection of forage sorghum progenies for dry matter yield stability, preliminary results
246 1 _a[Annals of the 15th Maize and Sorghum National Congress]
500 _aAnais do 15. Congresso Nacional de Milho e Sorgo Brasilia, DF (Brasil): Empresa Brasileira de Pesquisa Agropecuaria. Departamento de Difusao de Tecnologia, 1986. p. 243-248 [8 ref.; Summaries (En, Pt)] (BR8708346-AMS)
773 0 _tAnais do 15. Congresso Nacional de Milho e Sorgo
_wF30 BR8708346
_gBrasilia, DF (Brasil), 1986. p. 243-248
650 _aSORGO FORRAGEIRO
650 _aSELECAO GENETICA
650 _aTESTE DE PROGENIE
650 _aPRODUTIVIDADE
490 _aDocumentos - Centro Nacional de Pesquisa de Milho e Sorgo (Brazil)
_vno. 5
942 _cAMS
_2AGRIS
909 _a202506
_bLúcia
_c55
_dLúcia Elande
999 _c335588
_d335588